Science Quiz

Random Science or Physics Quiz

Quantum Mechanics Definitions Quiz Stats

 Plays Quiz not verified by Sporcle

Also try: Parts of a Cell
Challenge
Share
Tweet
Embed
Score 0/15 Timer 10:00
1 Play Today
% Correct
Pauli exclusion principle
77.3%
Bra–ket notation
76.3%
Bosons
73.8%
Fermions
70.4%
Eigenvector
69.8%
Hamiltonian
60.1%
Quantum Zeno effect
58.9%
Quantum numbers
57.3%
% Correct
Born–Oppenheimer approximation
56.7%
System
55.8%
Pure state
43.9%
Bound state
43%
State
40.2%
Observable
33%
Stationary state
32.7%

You're not logged in!

Compare scores with friends on all Sporcle quizzes.
Join for Free
OR
Log In

You Might Also Like...

Show Comments

Extras

Top Quizzes Today


Score Distribution

Your Account Isn't Verified!

In order to create a playlist on Sporcle, you need to verify the email address you used during registration. Go to your Sporcle Settings to finish the process.

Report this User

Report this user for behavior that violates our Community Guidelines.

Details: